000 00330nam a2200109Ia 4500
008 160531s9999 xx 000 0 und d
100 _aBlondel, Philippe.
245 _aBathymetry and Its Applications
245 _cby Philippe Blondel
260 _c2012
856 _uhttp://www.intechopen.com/books/bathymetry-and-its-applications
999 _c295099
_d295099